| 000 | 01889nam a2200289Ia 4500 | ||
|---|---|---|---|
| 999 |
_c53778 _d53778 |
||
| 001 | 20828 | ||
| 003 | GE_BSU | ||
| 005 | 20200509182810.0 | ||
| 008 | 181216s2016ge xx |||||||||||||| ||geo|| | ||
| 020 | _a9789941091285 | ||
| 040 | _cGE_BSU | ||
| 041 | _ageo | ||
| 080 | _a61:575 გ–32 | ||
| 245 |
_aგენეტიკა მედიცინაში: ტომპსონი & ტომპსონი / _cრობერტ ლ. ნუსბაუმი ; როდერიკ რ. მაკინესი ; ჰანტინგტონ ფ. ვილარდი ; ადა ჰემოში ; ქართული გამოცემის მთ. რედაქტორი ელენე აბზიანიძე ; სარედაქციო-მთარგმნელობითი კოლეგია: ელენე აბზიანიძე, ეკა კვარაცხელია, თინათინ ტყემალაძე [და სხვ.]. |
||
| 250 | _aმე-8 გამოცემა. | ||
| 264 |
_aთბილისი. : _bსამედიცინო გენეტიკის და ეპიგენეტიკის საქართველოს საზ-ბა, (შპს ”ირიდე”) _c2016. |
||
| 300 |
_a572 გვ; _bსურ; _c27 სმ. |
||
| 500 | _aინდექსი : გვ. 559-571. | ||
| 653 | _aმედიცინა | ||
| 653 | _aსამედიცინო გენეტიკა. | ||
| 653 | _aტომპსონი & ტომპსონი | ||
| 700 |
_aნუსბაუმი, რობერტ ლ _98026 |
||
| 700 |
_a მაკინესი, როდერიკ რ. _98027 |
||
| 700 |
_aვილარდი, ჰანტინგტონ ფ _98028 |
||
| 700 |
_aჰემოში, ადა _98028 |
||
| 942 |
_cBK _2udc |
||